000 00708nam a2200217Ia 4500
008 191130s2009##################000#0#eng##
020 _a9780740778629
022 _a2009923689
040 _aACL
_cACL
082 _a641.5945 MIR
100 _aMirabile, Jasper J
245 _aJasper's kitchen cookbook : Italian recipes and memories from Kansas city's legendary restaurant
_cJasper J. Mirabile, Jr
260 _aKansas City, MO
_bAndrews McMeel Pub
_c2009
300 _ax, 165 p. : ill. ; 23 cm
500 _aIncludes index
650 _aCooking, Italian
650 _aJasper's (Restaurant : Kansas City, Mo.)
990 _a77084f9eac10000c5a092913e5cb96a0
991 _a315968
999 _c222931
_d222931